[Event "RUS-ch Eurasia Cup op"]
[Site "Ekaterinburg"]
[Date "2018.08.07"]
[Round "6"]
[White "Kuzmin, Roman"]
[Black "Ketov, Daniil"]
[Result "1-0"]
[WhiteElo "1985"]
[BlackElo "1889"]
[PlyCount "59"]
[EventDate "2018.08.01"]
[EventType "swiss"]
[EventRounds "9"]
[EventCountry "RUS"]
[SourceTitle "CBM 185 Extra"]
[Source "ChessBase"]
[SourceDate "2018.07.29"]
[SourceVersion "1"]
[SourceVersionDate "2018.07.29"]
[SourceQuality "1"]

1. e4 c5 2. Nf3 Nf6 3. Nc3 Nc6 4. d4 d5 5. exd5 Nxd5 6. Nxd5 Qxd5 7. Be3 cxd4 8. Nxd4 Nxd4 9. Qxd4 Qxd4 10. Bxd4 Bd7 11. 0-0-0 e6 12. h4 h5 13. Rh3 f6 14. Rb3 Bc6 15. Re3 Kf7 16. Bc4 Bd5 17. Bxd5 exd5 18. Rb3 b6 19. a4 Be7 20. Rb5 Rhd8 21. a5 bxa5 22. Rxa5 Rd7 23. c3 a6 24. Kd2 Rb7 25. b4 Rxb4 26. cxb4 Bxb4+ 27. Bc3 Bxa5 28. Bxa5 Rb8 29. Ke3 Re8+ 30. Kf3 1-0

[Event "RUS-ch Eurasia Cup op"]
[Site "Ekaterinburg"]
[Date "2018.08.04"]
[Round "4"]
[White "Tyurin, Ilya1"]
[Black "Ketov, Daniil"]
[Result "1-0"]
[WhiteElo "2069"]
[BlackElo "1889"]
[PlyCount "83"]
[EventDate "2018.08.01"]
[EventType "swiss"]
[EventRounds "9"]
[EventCountry "RUS"]
[SourceTitle "CBM 185 Extra"]
[Source "ChessBase"]
[SourceDate "2018.07.29"]
[SourceVersion "1"]
[SourceVersionDate "2018.07.29"]
[SourceQuality "1"]

1. Nf3 Nf6 2. c4 g6 3. Nc3 d5 4. cxd5 Nxd5 5. Qb3 Nb6 6. d4 Bg7 7. e4 0-0 8. Be3 Nc6 9. Rd1 Bg4 10. d5 Ne5 11. Be2 Qc8 12. Nxe5 Bxe5 13. 0-0 Bxe2 14. Nxe2 e6 15. f4 Bg7 16. f5 exf5 17. exf5 Be5 18. Bd4 Re8 19. Ng3 Bxd4+ 20. Rxd4 Re5 21. Qf3 Qe8 22. Nh5 Qe7 23. fxg6 hxg6 24. Nf6+ Kg7 25. Rf4 Qc5+ 26. Kh1 Qe3 27. Qd1 Qe2 28. Qc1 Qe3 29. Qa1 Re7 30. Ng4 Qe2 31. b3+ Kg8 32. Nh6+ Kh7 33. Nxf7 Qh5 34. R4f3 Kg8 35. Rh3 Qxh3 36. gxh3 Rxf7 37. Rxf7 Kxf7 38. Qe5 Rc8 39. Qe6+ Kg7 40. Qe7+ Kh6 41. h4 a5 42. a4 1-0

[Event "RUS-ch Eurasia Cup op"]
[Site "Ekaterinburg"]
[Date "2018.08.02"]
[Round "2"]
[White "Volkov, Roman"]
[Black "Ketov, Daniil"]
[Result "1-0"]
[WhiteElo "2123"]
[BlackElo "1889"]
[PlyCount "67"]
[EventDate "2018.08.01"]
[EventType "swiss"]
[EventRounds "9"]
[EventCountry "RUS"]
[SourceTitle "CBM 185 Extra"]
[Source "ChessBase"]
[SourceDate "2018.07.29"]
[SourceVersion "1"]
[SourceVersionDate "2018.07.29"]
[SourceQuality "1"]

1. d4 Nf6 2. c4 g6 3. Nc3 d5 4. cxd5 Nxd5 5. e4 Nxc3 6. bxc3 Bg7 7. Nf3 c5 8. Be3 0-0 9. Be2 Qa5 10. 0-0 Nc6 11. d5 Ne5 12. Nd2 Nd7 13. Rc1 Qxa2 14. Nc4 Qa6 15. e5 b5 16. Ra1 Qb7 17. Na5 Qb6 18. f4 Bb7 19. Bf3 Rab8 20. Nxb7 Qxb7 21. d6 Qc8 22. dxe7 Re8 23. Rxa7 Rxe7 24. Qd6 Bf8 25. Rc7 Qe8 26. Bc6 Rxe5 27. Qxe5 Nxe5 28. Bxe8 Rxe8 29. fxe5 Rxe5 30. Bc1 f5 31. Rd1 c4 32. Rc8 Kg7 33. Rd7+ Be7 34. Ba3 1-0